000 00482nam a2200145 4500
999 _c10824
_d10824
008 180921b ||||| |||| 00| 0 eng d
022 _a2094-8042
082 _aDPer 370.105 M72 Jan-Dec 2011 v59-60
100 _931495
_aGuiyab, Elenita Garchitorena
245 _aCrisis of freedom/
_cElenita Garchitorena Guiyab.
260 _aPhilippines:
_bIn the Grade School, Inc.,
_cc2011.
300 _av60 n5, pages 180+;
_c27cm.
650 0 _931496
_aFreedom
_xCrisis.
942 _2ddc
_cPER